Conducting the programmer job interview : the IT manager guide with java, J2EE, C, C++, Unix, PHP and Oracle interview questions (Record no. 189058)

MARC details
000 -LEADER
fixed length control field 00600nam a2200169Ia 4500
008 - FIXED-LENGTH DATA ELEMENTS--GENERAL INFORMATION
fixed length control field 231217s9999 xx 000 0 und d
020 ## - INTERNATIONAL STANDARD BOOK NUMBER
International Standard Book Number 9800000000000
041 ## - LANGUAGE CODE
Language code of text/sound track or separate title English
082 ## - DEWEY DECIMAL CLASSIFICATION NUMBER
Classification number 158.3 BUR;2 R1
100 ## - MAIN ENTRY--PERSONAL NAME
Personal name Burleson, Janet.
245 #0 - TITLE STATEMENT
Title Conducting the programmer job interview : the IT manager guide with java, J2EE, C, C++, Unix, PHP and Oracle interview questions
260 ## - PUBLICATION, DISTRIBUTION, ETC.
Date of publication, distribution, etc. 2004
Name of publisher, distributor, etc. Shroff
Place of publication, distribution, etc. Mumbai
300 ## - PHYSICAL DESCRIPTION
Extent 294+3
400 ## - SERIES STATEMENT/ADDED ENTRY--PERSONAL NAME [OBSOLETE, CAN/MARC], [LOCAL, USA]
Personal name IT job interview series
650 ## - SUBJECT ADDED ENTRY--TOPICAL TERM
Topical term or geographic name entry element Conducting,programmer,job,interview,manager,java,,J2EE,,C,,C++,,Unix,,PHP,Oracle,interview
942 ## - ADDED ENTRY ELEMENTS (KOHA)
Koha item type Books
Holdings
Date last seen Total checkouts Total renewals Full call number Accession number Date last checked out Cost, total (INR) price Price effective from Category Public note Lost status Damaged status Department Withdrawn status Home library Current library Shelving location Entry date Vendor Cost, normal purchase price Grants Billnumber Billdate Currency symbol Conversion rate Discount Old discount
11/02/2025 1 1 158.3 BUR;2 R1 74056 24/01/2025 225.00 26/01/2024 Books paid vide cheqe no.032664/20.1.11     Central Library   Central Library RFID Kiosk Central Library 29/09/2010 Flipkart.com 300.00 IS OD00915110505 25/02/2014 RS 1 75 25

© For any Suggestions or Query, please contact the library staff @ librarian@pes.edu or Phone: +9180 2672 1983/ 2108.